000 01201nam2a22002291 4500
001 rc\669477
005 20250621222506.0
035 _a(NLR Aleph) 005953122
090 _a6782534
_c6782534
100 _a20031121d1986 |||y0rusy50 ca
101 0 _arus
102 _aRU
105 _ay |||||||||
200 0 _aЧ. 2
210 _d1986
_aБ. м.
215 _a23 с.
461 0 _1001rc\669476
_12001#$aНАЧИНАЮЩИЙ джазовый пианист$eМетод. рекомендации$fУпр. культуры Сахалин. облисполкома. Обл. метод. каб. по сред. спец. нач. муз. и худож. образованию$g[Сост. к. искусствоведения, доц. А.А. Никитин]$vЧ. 2
_96782527
_cЮжно-Сахалинск
_d1986
_fУпр. культуры Сахалин. облисполкома. Обл. метод. каб. по сред. спец. нач. муз. и худож. образованию
_nБ. и.
_oМетод. рекомендации
_tНАЧИНАЮЩИЙ джазовый пианист
_vЧ. 2
801 0 _aRU
_bNLR
_gpsbo
801 1 _aRU
_bELAR
_2rusmarc
852 _aNLR
_j89-4/7414
942 _cBOOK
980 _aNB